50 losowych flag państw - Statystyki

Ogólne statystyki
  • Ten quiz został rozwiązany 599 razy
    64 od ostatniego zresetowania
  • Średni wynik to 29 z 50
Statystyki odpowiedzi
Obrazkowy Odpowiedź % Poprawnych
Angola
100%
Austria
100%
Białoruś
100%
Czechy
100%
Egipt
100%
Francja
100%
Hiszpania
100%
Kanada
100%
Maroko
100%
Mołdawia
100%
Norwegia
100%
Serbia
100%
Słowacja
100%
Szwecja
100%
Belgia
91%
Korea Południowa
91%
Irlandia
89%
Kolumbia
88%
Kuba
88%
Mongolia
88%
Wenezuela
88%
Dominikana
86%
Grecja
86%
Islandia
86%
Luksemburg
86%
Szwajcaria
86%
Andora
83%
Bułgaria
83%
Ekwador
83%
Finlandia
83%
Meksyk
83%
Watykan
83%
Wietnam
82%
Barbados
80%
Brazylia
80%
Chiny
80%
Kenia
80%
Malediwy
80%
Malta
80%
Nowa Zelandia
80%
Portugalia
80%
Turkmenistan
80%
Ukraina
80%
Indonezja
78%
Litwa
78%
Peru
78%
Słowenia
78%
Włochy
78%
Chile
75%
Izrael
75%
Niemcy
75%
Palau
75%
Rumunia
75%
Singapur
75%
Turcja
75%
Argentyna
71%
Chorwacja
71%
Dominika
71%
Indie
71%
Kazachstan
71%
Liechtenstein
71%
Monako
71%
Polska
71%
Urugwaj
71%
Wielka Brytania
71%
Albania
70%
Cypr
70%
Irak
70%
Jordania
70%
Macedonia Północna
70%
Iran
67%
Jamajka
67%
Japonia
67%
Katar
67%
Liban
67%
Mjanma
67%
Nepal
67%
Papua-Nowa Gwinea
67%
Senegal
67%
Seszele
67%
Stany Zjednoczone
67%
Tajlandia
67%
Arabia Saudyjska
64%
Bhutan
64%
Liberia
64%
Czarnogóra
63%
Estonia
63%
Gruzja
63%
Madagaskar
63%
Mikronezja
63%
Mozambik
63%
Pakistan
63%
Tunezja
63%
Afganistan
60%
Czad
60%
Haiti
60%
Kamerun
60%
Korea Północna
60%
Łotwa
60%
Malawi
60%
Panama
60%
Republika Południowej Afryki
60%
Uzbekistan
60%
Eswatini
57%
Kirgistan
57%
Kosowo
57%
Nigeria
57%
Oman
57%
Salwador
57%
Australia
56%
Filipiny
56%
Samoa
56%
Tadżykistan
56%
Tajwan
56%
Nauru
55%
Algieria
50%
Armenia
50%
Azerbejdżan
50%
Bahrajn
50%
Bangladesz
50%
Bośnia i Hercegowina
50%
Brunei
50%
Burundi
50%
Dania
50%
Etiopia
50%
Kongo
50%
Kostaryka
50%
Nikaragua
50%
Paragwaj
50%
San Marino
50%
Somalia
50%
Węgry
50%
Zjednoczone Emiraty Arabskie
50%
Republika Zielonego Przylądka
45%
Burkina Faso
44%
Gabon
44%
Ghana
44%
Gwinea
44%
Timor Wschodni
44%
Demokratyczna Republika Konga
43%
Jemen
43%
Kambodża
43%
Libia
43%
Mauritius
43%
Wyspy Świętego Tomasza i Książeca
43%
Benin
42%
Boliwia
40%
Holandia
40%
Honduras
40%
Laos
40%
Saint Lucia
40%
Tanzania
40%
Wybrzeże Kości Słoniowej
40%
Wyspy Marshalla
40%
Bahamy
38%
Gambia
38%
Republika Środkowoafrykańska
38%
Sri Lanka
38%
Togo
38%
Wyspy Salomona
38%
Belize
33%
Grenada
33%
Malezja
33%
Niger
33%
Sudan
33%
Sudan Południowy
33%
Tonga
33%
Trynidad i Tobago
33%
Tuvalu
33%
Uganda
33%
Kuwejt
30%
Dżibuti
29%
Gwinea Bissau
29%
Syria
29%
Antigua i Barbuda
25%
Gwinea Równikowa
25%
Kiribati
25%
Mali
25%
Mauretania
25%
Namibia
25%
Gujana
22%
Gwatemala
22%
Komory
22%
Rwanda
22%
Botswana
20%
Surinam
20%
Vanuatu
20%
Zambia
20%
Zimbabwe
20%
Erytrea
17%
Lesotho
14%
Saint Kitts i Nevis
14%
Saint Vincent i Grenadyny
13%
Sierra Leone
13%
Fidżi
0%
Rosja
0%
Nie znaleziono quizów pasujących do podanych kryteriów
Rozkład punktacji
Procent ludzi z każdym wynikiem
Percentyl według liczby udzielonych odpowiedzi
Twoja historia wyników
Nie rozwiązałeś tego quizu od ostatniego zresetowania